<?xml version="1.0" encoding="UTF-8"?>
<record
    xmlns:xsi="http://www.w3.org/2001/XMLSchema-instance"
    xsi:schemaLocation="http://www.loc.gov/MARC21/slim http://www.loc.gov/standards/marcxml/schema/MARC21slim.xsd"
    xmlns="http://www.loc.gov/MARC21/slim">

  <leader>00488nam a2200181   4500</leader>
  <controlfield tag="003">SEACOMEC</controlfield>
  <controlfield tag="005">20240720125852.0</controlfield>
  <controlfield tag="008">240720b        |||||||| |||| 00| 0 eng d</controlfield>
  <datafield tag="020" ind1=" " ind2=" ">
    <subfield code="a"> 9788177585568</subfield>
    <subfield code="c">Rs.399.00</subfield>
  </datafield>
  <datafield tag="040" ind1=" " ind2=" ">
    <subfield code="a">SEACOMEC</subfield>
  </datafield>
  <datafield tag="082" ind1=" " ind2=" ">
    <subfield code="a">005.74</subfield>
    <subfield code="b">D232</subfield>
  </datafield>
  <datafield tag="100" ind1=" " ind2=" ">
    <subfield code="a">Date, C. J</subfield>
  </datafield>
  <datafield tag="245" ind1="1" ind2=" ">
    <subfield code="a">An introduction to database systems</subfield>
    <subfield code="c">C.J. Date; A Kannan; S. Swamynathan.</subfield>
  </datafield>
  <datafield tag="250" ind1=" " ind2=" ">
    <subfield code="a">8th ed.</subfield>
  </datafield>
  <datafield tag="260" ind1=" " ind2=" ">
    <subfield code="a">Pearson</subfield>
    <subfield code="b">Delhi</subfield>
    <subfield code="c">2008</subfield>
  </datafield>
  <datafield tag="650" ind1=" " ind2=" ">
    <subfield code="a"> Database Management</subfield>
  </datafield>
  <datafield tag="942" ind1=" " ind2=" ">
    <subfield code="c">BOOK</subfield>
  </datafield>
  <datafield tag="952" ind1=" " ind2=" ">
    <subfield code="0">0</subfield>
    <subfield code="1">0</subfield>
    <subfield code="2">ddc</subfield>
    <subfield code="4">0</subfield>
    <subfield code="7">0</subfield>
    <subfield code="a">SEACOMEC</subfield>
    <subfield code="b">SEACOMEC</subfield>
    <subfield code="d">2008-03-31</subfield>
    <subfield code="l">0</subfield>
    <subfield code="o">005.74 D232</subfield>
    <subfield code="p">10441</subfield>
    <subfield code="r">2024-07-20 12:59:26</subfield>
    <subfield code="w">2024-07-20</subfield>
    <subfield code="y">BOOK</subfield>
  </datafield>
  <datafield tag="952" ind1=" " ind2=" ">
    <subfield code="0">0</subfield>
    <subfield code="1">0</subfield>
    <subfield code="2">ddc</subfield>
    <subfield code="4">0</subfield>
    <subfield code="7">0</subfield>
    <subfield code="a">SEACOMEC</subfield>
    <subfield code="b">SEACOMEC</subfield>
    <subfield code="d">2008-03-31</subfield>
    <subfield code="l">0</subfield>
    <subfield code="o">005.74 D232</subfield>
    <subfield code="p">10442</subfield>
    <subfield code="r">2024-07-20 12:59:57</subfield>
    <subfield code="t">1</subfield>
    <subfield code="w">2024-07-20</subfield>
    <subfield code="y">BOOK</subfield>
  </datafield>
  <datafield tag="952" ind1=" " ind2=" ">
    <subfield code="0">0</subfield>
    <subfield code="1">0</subfield>
    <subfield code="2">ddc</subfield>
    <subfield code="4">0</subfield>
    <subfield code="7">0</subfield>
    <subfield code="a">SEACOMEC</subfield>
    <subfield code="b">SEACOMEC</subfield>
    <subfield code="d">2008-03-31</subfield>
    <subfield code="l">0</subfield>
    <subfield code="o">005.74 D232</subfield>
    <subfield code="p">10443</subfield>
    <subfield code="r">2024-07-20 12:59:57</subfield>
    <subfield code="t">2</subfield>
    <subfield code="w">2024-07-20</subfield>
    <subfield code="y">BOOK</subfield>
  </datafield>
  <datafield tag="952" ind1=" " ind2=" ">
    <subfield code="0">0</subfield>
    <subfield code="1">0</subfield>
    <subfield code="2">ddc</subfield>
    <subfield code="4">0</subfield>
    <subfield code="7">0</subfield>
    <subfield code="a">SEACOMEC</subfield>
    <subfield code="b">SEACOMEC</subfield>
    <subfield code="d">2008-03-31</subfield>
    <subfield code="l">0</subfield>
    <subfield code="o">005.74 D232</subfield>
    <subfield code="p">10444</subfield>
    <subfield code="r">2024-07-20 12:59:57</subfield>
    <subfield code="t">3</subfield>
    <subfield code="w">2024-07-20</subfield>
    <subfield code="y">BOOK</subfield>
  </datafield>
  <datafield tag="999" ind1=" " ind2=" ">
    <subfield code="c">1441</subfield>
    <subfield code="d">1441</subfield>
  </datafield>
</record>
